Le 18 brumaire de Louis Bonaparte
Сохранить в:
| Формат: | |
|---|---|
| Язык: | французский |
| Опубликовано: |
París
Sociales
1969
|
| Серии: | Classiques du Marxisme
|
| Предметы: | |
| Метки: |
Добавить метку
Нет меток, Требуется 1-ая метка записи!
|
MARC
| LEADER | 00000nam a2200000 a 4500 | ||
|---|---|---|---|
| 001 | UCT8894 | ||
| 003 | CL-VaPUC | ||
| 005 | 20220118074216.0 | ||
| 008 | 970326e19690000FR |||||||||||||||||fre|d | ||
| 999 | |c 257366 |d 257364 | ||
| 040 | |c Pontificia Universidad Católica de Valparaíso | ||
| 082 | 0 | 4 | |a 944.07 |b MAR |2 21 |
| 245 | 1 | 3 | |a Le 18 brumaire de Louis Bonaparte |
| 260 | |a París |b Sociales |c 1969 | ||
| 300 | |a 156 p | ||
| 490 | 0 | |a Classiques du Marxisme | |
| 583 | |a last modification |c 19970326 00:00:00 |k Rodrigo Vera | ||
| 600 | 0 | 7 | |a LOUIS BONAPARTE |2 CL-VaPUC |9 381099 |
| 650 | 0 | |a Historia |9 255047 | |
| 650 | 0 | |a Socialismo |9 255260 | |
| 650 | 7 | |a SEGUNDA REPUBLICA |2 CL-VaPUC |9 381100 | |
| 650 | 0 | |a Estado |9 255503 | |
| 650 | 7 | |a REVOLUCION |2 CL-VaPUC |9 338298 | |
| 651 | 0 | |a Francia |9 255157 | |
| 942 | |c BK |2 ddc | ||
| 945 | |d 19970326 00:00:00 |a lriquelm | ||
| 952 | |0 0 |1 0 |4 0 |6 944_070000000000000_MAR_1969 |7 0 |8 P |9 280781 |a BIBDER |b BIBDER |d 2019-11-19 |i 1814826 |o 944.07 MAR 1969 |p 1814826 |r 2023-01-25 |w 2019-11-19 |y BK |k DER | ||